[Event "Arab Games 2011"]
[Site "0:01.16-0:00.17"]
[Date "2011.12.11"]
[Round "4"]
[White "El Jawich Amro"]
[Black "Al-Zendani, Zendan"]
[Result "1/2-1/2"]
[WhiteElo "2139"]
[BlackElo "2384"]
[PlyCount "90"]
[EventDate "2011.??.??"]

1. e4 c5 2. Nf3 d6 3. d4 cxd4 4. Nxd4 Nf6 5. Nc3 a6 6. Qe2 e6 7. Be3 Be7 8.
O-O-O Qc7 9. g4 Nc6 10. g5 Nd7 11. f4 b5 12. Bh3 b4 13. Qc4 bxc3 14. Bxe6 O-O
15. Nxc6 Nb6 16. Bxb6 Qxb6 17. Nxe7+ Kh8 18. Qxc3 fxe6 19. f5 exf5 20. Nxf5
Bxf5 21. exf5 Rxf5 22. g6 hxg6 23. Rhe1 Raf8 24. Re6 R8f6 25. Re8+ Rf8 26. Qh3+
Kg8 27. Rxf8+ Kxf8 28. Qd3 d5 29. b3 Qf6 30. Kb1 Kg8 31. Qd4 Kh7 32. Qxf6 gxf6
33. b4 Kg7 34. a4 Kf7 35. Kb2 Ke6 36. Kb3 Rf4 37. Re1+ Kd6 38. c3 Rh4 39. Re2
f5 40. Rg2 Rh6 41. Rd2 Kc6 42. Rg2 Kd6 43. Rd2 Kc6 44. Rg2 Kd6 45. Rd2 Ke5
1/2-1/2

[Event "Arab Games 2011"]
[Site "0:00.04-0:01.54"]
[Date "2011.12.11"]
[Round "4"]
[White "Nadir Samir"]
[Black "Chahrani, Ibrahim"]
[Result "0-1"]
[WhiteElo "2125"]
[BlackElo "2243"]
[PlyCount "79"]
[EventDate "2011.??.??"]

1. c4 f5 2. Nc3 Nf6 3. Nf3 g6 4. g3 Bg7 5. Bg2 d6 6. d3 O-O 7. O-O e5 8. Bg5 h6
9. Bd2 Nc6 10. a3 g5 11. b4 Be6 12. Ne1 d5 13. cxd5 Nxd5 14. Rc1 a6 15. Na4
Nce7 16. Nc5 Bc8 17. e4 fxe4 18. dxe4 Nb6 19. Qb3+ Kh8 20. Bc3 Nc6 21. Nc2 Qe7
22. Ne3 Nd4 23. Bxd4 exd4 24. Nf5 Bxf5 25. exf5 c6 26. g4 Qf7 27. Qxf7 Rxf7 28.
Rfd1 Rd8 29. Ne6 Rd6 30. Rd3 Na4 31. Rc2 Bf6 32. f4 Nc3 33. fxg5 hxg5 34. h4
gxh4 35. g5 Be5 36. Bh3 Nd5 37. g6 Rf6 38. Re2 Bf4 39. Re4 Be3+ 40. Kf1 0-1

[Event "Arab Games 2011"]
[Site "0:25.10-0:25.10"]
[Date "2011.12.11"]
[Round "4"]
[White "Shobaita, Talal"]
[Black "Omar Noaman"]
[Result "1/2-1/2"]
[WhiteElo "2139"]
[BlackElo "2324"]
[PlyCount "125"]
[EventDate "2011.??.??"]

1. d4 d5 2. c4 e6 3. Nf3 Nf6 4. Nc3 Be7 5. e3 O-O 6. Bd3 c5 7. O-O cxd4 8. exd4
dxc4 9. Bxc4 Nc6 10. Bf4 Nb4 11. Rc1 b6 12. Qe2 Nbd5 13. Nxd5 Nxd5 14. Bg3 Bd6
15. Bxd5 exd5 16. Bxd6 Qxd6 17. Qe5 Qb4 18. Qxd5 Be6 19. Qh5 Bxa2 20. Rc2 Rad8
21. Rd2 Bd5 22. Rfd1 Rfe8 23. h3 Qd6 24. Rd3 Re7 25. Re3 Rxe3 26. fxe3 h6 27.
Qh4 Bxf3 28. gxf3 Re8 29. Qf2 Qe6 30. e4 Qxh3 31. Qg2 Qxg2+ 32. Kxg2 Rc8 33. b4
Kf8 34. d5 Ke7 35. Kf2 Kd6 36. Ke3 Rc3+ 37. Kf2 f5 38. exf5 Rc7 39. Ke3 Ke5 40.
Kf2 Rc3 41. d6 Kxf5 42. Ra1 Rc8 43. Rxa7 Rd8 44. d7 Kf6 45. Rb7 Ke7 46. Rxb6
Rxd7 47. Kg3 Kf7 48. b5 Rd4 49. f4 Rb4 50. Kg4 Kg8 51. Kf3 Kh7 52. Kg3 h5 53.
Kh4 Rxf4+ 54. Kxh5 g6+ 55. Rxg6 Rb4 56. Rg5 Rc4 57. Rd5 Kg7 58. Kg5 Kf7 59. Kf5
Ke7 60. Ke5 Rb4 61. Rc5 Kd7 62. Kd5 Rb1 63. Ke4 1/2-1/2

[Event "Arab Games 2011"]
[Site "0:25.10-0:25.10"]
[Date "2011.12.11"]
[Round "4"]
[White "Omar, Abdulrahman"]
[Black "Ahmed Abuzied"]
[Result "0-1"]
[WhiteElo "2045"]
[BlackElo "2059"]
[PlyCount "124"]
[EventDate "2011.??.??"]

1. e4 c5 2. Nf3 g6 3. d4 cxd4 4. Qxd4 Nf6 5. Nc3 Nc6 6. Qd1 d6 7. Bd3 Bg7 8.
Rb1 O-O 9. O-O h6 10. h3 Be6 11. Be3 d5 12. exd5 Nxd5 13. Nxd5 Bxd5 14. a3 e5
15. Be2 e4 16. Nd2 f5 17. Bc4 f4 18. Bc5 Re8 19. Re1 b6 20. Bb4 a5 21. Bc3 e3
22. fxe3 Bxc3 23. bxc3 fxe3 24. Bxd5+ Qxd5 25. Nf3 Qc5 26. Qd3 Re6 27. Rb5 Qe7
28. Rxb6 Qc5 29. Rb5 Qe7 30. Qc4 Kh7 31. Rc5 Qf6 32. Rxe3 Rxe3 33. Rxc6 Qg7 34.
Rc7 Re7 35. Rxe7 Qxe7 36. Qd5 Ra7 37. a4 Qe3+ 38. Kh2 Qxc3 39. Nd4 Qc7+ 40. g3
Qe7 41. h4 Rd7 42. Qc4 Qe5 43. c3 Rc7 44. Qb3 Qc5 45. Nb5 Re7 46. Qd1 Rf7 47.
Kh3 Qf5+ 48. Kg2 Qf2+ 49. Kh3 Qf5+ 50. Kg2 g5 51. hxg5 hxg5 52. Qe2 Qd5+ 53.
Kh2 Kg8 54. Nd4 Rh7+ 55. Kg1 Rh1+ 56. Kf2 Rh2+ 57. Ke1 Rxe2+ 58. Kxe2 Qa2+ 59.
Kf3 Qxa4 60. Kg4 Qc4 61. Kxg5 a4 62. Nf5 a3 0-1

[Event "Arab Games 2011"]
[Site "0:25.10-0:25.10"]
[Date "2011.12.11"]
[Round "4"]
[White "Mansour Sameer"]
[Black "Sabar Daoud"]
[Result "1-0"]
[WhiteElo "2284"]
[BlackElo "2034"]
[PlyCount "107"]
[EventDate "2011.??.??"]

1. d4 d5 2. Nf3 Nf6 3. Bg5 e6 4. e3 Be7 5. Bd3 O-O 6. Nbd2 Nbd7 7. O-O c5 8. c3
h6 9. Bh4 b6 10. Ne5 Nxe5 11. dxe5 Nd7 12. Bg3 f6 13. exf6 Nxf6 14. e4 Qe8 15.
e5 Nh7 16. h4 g6 17. Qg4 Kg7 18. h5 g5 19. f4 Bd7 20. Nf3 Rf5 21. Nh4 c4 22.
Nxf5+ exf5 23. Bxf5 Bxf5 24. Qxf5 Qxh5 25. Qd7 Qf7 26. e6 Bc5+ 27. Bf2 Qxd7 28.
exd7 Rd8 29. fxg5 Nxg5 30. Bxc5 bxc5 31. Rad1 Rxd7 32. Rf5 d4 33. Rxc5 d3 34.
Rxc4 Ne6 35. Re4 Rd6 36. Kf2 Kf6 37. Ke3 Nc5 38. Rf4+ Kg5 39. b4 Na4 40. Rc4
Nb2 41. Rc5+ Kg4 42. Rd2 Re6+ 43. Kf2 Rf6+ 44. Kg1 Rd6 45. Kh2 Kf4 46. Rxb2 d2
47. Rxd2 Rxd2 48. a4 Ra2 49. a5 Rb2 50. b5 Ke4 51. Kg3 Ra2 52. a6 Rb2 53. c4
Kd4 54. Rc7 1-0

[Event "Arab Games 2011"]
[Site "0:00.44-0:02.23"]
[Date "2011.12.11"]
[Round "5"]
[White "Goutali Tarek"]
[Black "Al Qudaimi, Basheer"]
[Result "0-1"]
[WhiteElo "2327"]
[BlackElo "2398"]
[PlyCount "113"]
[EventDate "2011.??.??"]

1. e4 e5 2. Nf3 Nc6 3. Nc3 g6 4. d4 exd4 5. Nd5 Bg7 6. Bg5 f6 7. Bf4 d6 8. Nxd4
Nge7 9. Bc4 Ne5 10. Bb3 Nxd5 11. Bxd5 c6 12. Bb3 Qe7 13. O-O Bd7 14. Qd2 O-O-O
15. Bg3 h5 16. h3 h4 17. Bh2 c5 18. Ne2 c4 19. Bxe5 Qxe5 20. Bxc4 g5 21. Qd4 f5
22. Qxa7 fxe4 23. Rad1 Qc5 24. Qxc5+ dxc5 25. Nc3 Bxc3 26. bxc3 g4 27. hxg4
Bxg4 28. Rd5 b6 29. Rg5 Bd1 30. Be6+ Kb8 31. Rd5 Bxc2 32. Rc1 Bd3 33. c4 Kc7
34. Rg5 Rh7 35. Rc3 Ra8 36. a3 Ra4 37. Rg8 Rh6 38. Rc8+ Kb7 39. Re8 Kc7 40. Bd5
h3 41. gxh3 Rxh3 42. Bxe4 Rxc4 43. Rxd3 Rxe4 44. Rxh3 Rxe8 45. Kg2 Kd6 46. Rh6+
Re6 47. Rh4 b5 48. Rh8 Kd5 49. Rh4 c4 50. Rh1 c3 51. f4 Kc4 52. Kf3 c2 53. f5
Rd6 54. Rh8 Kb3 55. Rc8 Rd3+ 56. Ke4 Rc3 57. Kd4 0-1

[Event "Arab Games 2011"]
[Site "0:10.22-0:03.51"]
[Date "2011.12.11"]
[Round "5"]
[White "Amin Bassem"]
[Black "Kaabi Mejdi"]
[Result "1-0"]
[WhiteElo "2590"]
[BlackElo "2342"]
[PlyCount "81"]
[EventDate "2011.??.??"]

1. e4 e5 2. Nf3 Nc6 3. Bb5 a6 4. Ba4 Nf6 5. Qe2 b5 6. Bb3 Bc5 7. a4 Rb8 8. axb5
axb5 9. d3 O-O 10. Bg5 h6 11. Bh4 Be7 12. Nbd2 d6 13. c3 Nh5 14. Bg3 Nxg3 15.
hxg3 Be6 16. Bxe6 fxe6 17. d4 exd4 18. cxd4 d5 19. O-O dxe4 20. Qxe4 Qd5 21.
Ra6 Rb6 22. Qxd5 exd5 23. Rxb6 cxb6 24. Rc1 Na5 25. Rc7 Bd6 26. Rd7 Rf6 27. Nf1
Nc4 28. b3 Na5 29. Ne3 Nxb3 30. Nxd5 Re6 31. Rb7 Bf8 32. Rb8 Rd6 33. Ne7+ Kf7
34. Nf5 Rf6 35. g4 g6 36. Ne5+ Kg8 37. Nd7 gxf5 38. Nxf6+ Kf7 39. Nd7 Bg7 40.
gxf5 Bxd4 41. Nxb6 1-0

[Event "Arab Games 2011"]
[Site "0:01.22-0:00.01"]
[Date "2011.12.11"]
[Round "5"]
[White "Salem A R, Saleh"]
[Black "Haddouche, Mohamed"]
[Result "1-0"]
[WhiteElo "2511"]
[BlackElo "2386"]
[PlyCount "103"]
[EventDate "2011.??.??"]

1. d4 d6 2. c4 e5 3. Nf3 Nd7 4. Nc3 Ngf6 5. g3 g6 6. Bg2 Bg7 7. O-O O-O 8. e4
c6 9. h3 exd4 10. Nxd4 Re8 11. Re1 a5 12. Rb1 Nb6 13. b3 Nfd7 14. Be3 Nc5 15.
Qc2 Qe7 16. Rbd1 Nbd7 17. f4 Nf8 18. Bf2 Bd7 19. Rd2 Rad8 20. Red1 Bc8 21. Nde2
f5 22. e5 Nfe6 23. exd6 Qf6 24. a3 g5 25. b4 axb4 26. axb4 Nd7 27. Rd3 Ndf8 28.
b5 Bd7 29. fxg5 Nxg5 30. Bd4 Qh6 31. Bxg7 Qxg7 32. Nf4 Nfe6 33. Nxe6 Rxe6 34.
Ne2 Re5 35. bxc6 bxc6 36. Nf4 Ne4 37. Kh2 Ra5 38. Rb3 Qe5 39. Qb2 Qxb2 40. Rxb2
Ra3 41. Rb7 Rc3 42. Bxe4 fxe4 43. Rd4 Rc2+ 44. Kg1 e3 45. Re4 Ra8 46. Rb1 Bf5
47. Rxe3 Rxc4 48. Rd1 Rd8 49. Re5 Bd7 50. Re7 Rc5 51. g4 Be8 52. Ne6 1-0

[Event "Arab Games 2011"]
[Site "0:20.15-0:01.20"]
[Date "2011.12.11"]
[Round "5"]
[White "Al-Ali Hussein, Ali Hussei"]
[Black "Chahrani, Ibrahim"]
[Result "1-0"]
[WhiteElo "2392"]
[BlackElo "2243"]
[PlyCount "155"]
[EventDate "2011.??.??"]

1. e4 Nf6 2. d3 e5 3. Nf3 Nc6 4. Be2 d5 5. Nbd2 dxe4 6. dxe4 Bc5 7. O-O O-O 8.
c3 h6 9. Qc2 Qe7 10. b4 Bd6 11. Nc4 Bg4 12. Ne3 Be6 13. Rd1 Rfd8 14. Bb2 Nh7
15. Nd5 Bxd5 16. exd5 Nb8 17. c4 e4 18. Nd4 e3 19. Nf5 exf2+ 20. Kxf2 Qg5 21.
Nxd6 cxd6 22. Rd3 Nf6 23. Kg1 Nbd7 24. Rg3 Qh4 25. Rf1 Ne5 26. Qf5 Ng6 27. Bd3
Qh5 28. Bxf6 Qxf5 29. Rxf5 gxf6 30. Rxf6 Kg7 31. Rf1 Re8 32. Rxf7+ Kxf7 33.
Bxg6+ Kf6 34. Bxe8 Rxe8 35. Kf2 Rc8 36. Rc3 Ke5 37. Ke3 b5 38. Kd3 bxc4+ 39.
Rxc4 Rg8 40. g3 Kxd5 41. Rh4 Rb8 42. a3 Rf8 43. Rh5+ Kc6 44. a4 Rf1 45. Rxh6
Rd1+ 46. Kc2 Ra1 47. a5 a6 48. Rh5 d5 49. Kb2 Rf1 50. Kc3 Rc1+ 51. Kb2 Re1 52.
Kc2 Re2+ 53. Kd3 Re4 54. Rh6+ Kb5 55. Rb6+ Ka4 56. Rxa6 Kxb4 57. Ra8 Kc5 58. a6
Ra4 59. a7 Ra3+ 60. Ke2 Kb6 61. Rd8 Ra2+ 62. Kf3 Kxa7 63. Rxd5 Rxh2 64. Rb5 Rh6
65. g4 Rf6+ 66. Kg3 Rf1 67. g5 Rg1+ 68. Kf4 Rf1+ 69. Kg4 Ka6 70. Rb2 Rg1+ 71.
Kf5 Rf1+ 72. Ke6 Re1+ 73. Kf6 Rf1+ 74. Kg7 Rg1 75. g6 Rf1 76. Kg8 Rg1 77. g7
Rf1 78. Rh2 1-0

[Event "Arab Games 2011"]
[Site "0:00.11-0:18.01"]
[Date "2011.12.11"]
[Round "5"]
[White "Khader Sami"]
[Black "Adly Ahmed"]
[Result "0-1"]
[WhiteElo "2404"]
[BlackElo "2601"]
[PlyCount "92"]
[EventDate "2011.??.??"]

1. d4 d5 2. c4 e6 3. Nf3 Nf6 4. g3 dxc4 5. Bg2 Nbd7 6. O-O Be7 7. Na3 Nb6 8.
Ne5 O-O 9. Naxc4 Nfd5 10. e4 Nxc4 11. Nxc4 Nb6 12. Ne5 f6 13. Nf3 c5 14. a4
cxd4 15. a5 Nc4 16. Qa4 b5 17. Qxb5 Nd6 18. Qb3 Nxe4 19. Qd3 Nc5 20. Qxd4 Ba6
21. Re1 Nb3 22. Qe3 Nxa1 23. Qxe6+ Kh8 24. Qxa6 Nc2 25. Rf1 Nb4 26. Qe6 Bc5 27.
Nh4 Qe8 28. Qf5 Rc8 29. Bd2 Nc2 30. Bc3 Nd4 31. Qh3 Ne2+ 32. Kh1 Nxc3 33. bxc3
Rd8 34. c4 Rd2 35. Qf5 Qe5 36. Qh3 Qe8 37. f4 Rf2 38. Rd1 g5 39. Nf5 Qe2 40.
Rg1 h5 41. Bf1 Qg4 42. Qxg4 hxg4 43. Bg2 gxf4 44. Bd5 f3 45. h3 Re8 46. hxg4
Ree2 0-1

[Event "Arab Games 2011"]
[Site "0:10.59-0:03.12"]
[Date "2011.12.11"]
[Round "5"]
[White "Njili Kamel"]
[Black "Obada Ahmad, Azeezjawad"]
[Result "1-0"]
[WhiteElo "2344"]
[BlackElo "2353"]
[PlyCount "123"]
[EventDate "2011.??.??"]

1. e4 c5 2. Nf3 d6 3. d4 cxd4 4. Nxd4 Nf6 5. Nc3 a6 6. Bc4 e6 7. Bb3 b5 8. Qf3
Qb6 9. Be3 Qb7 10. O-O-O b4 11. Na4 Nbd7 12. Rhe1 Be7 13. Qg3 O-O 14. Bd5 Nxd5
15. exd5 Qxd5 16. Bh6 g6 17. Nxe6 Qxa2 18. Nxf8 Bxf8 19. Bxf8 Nxf8 20. Qb3 Qxb3
21. cxb3 Be6 22. Re3 Rc8+ 23. Kd2 Nd7 24. Rc1 Nc5 25. Nxc5 dxc5 26. Re5 Bxb3
27. Rexc5 Rd8+ 28. Ke2 Ba4 29. Rc8 Rxc8 30. Rxc8+ Kg7 31. Ke3 Bb5 32. Rc1 Kf6
33. Kd4 Kf5 34. Re1 f6 35. f3 h5 36. Kc5 b3 37. Re3 h4 38. g3 h3 39. Rxb3 g5
40. Kd4 Ke6 41. Re3+ Kf5 42. Rc3 Ke6 43. Rc5 Be2 44. f4 g4 45. f5+ Kd6 46. b4
Bf3 47. Ke3 Bc6 48. Ra5 Bb5 49. Kf4 Kd5 50. Kxg4 Kc4 51. Kxh3 Kxb4 52. Ra1 a5
53. g4 a4 54. g5 fxg5 55. Kg4 a3 56. Kxg5 Kb3 57. h4 Kb2 58. Rxa3 Kxa3 59. h5
Bc4 60. h6 Bg8 61. Kg6 Kb4 62. Kg7 1-0

[Event "Arab Games 2011"]
[Site "0:11.56-0:08.15"]
[Date "2011.12.11"]
[Round "5"]
[White "Ahmed Abuzied"]
[Black "Shobaita Talal"]
[Result "1-0"]
[WhiteElo "2059"]
[BlackElo "2139"]
[PlyCount "69"]
[EventDate "2011.??.??"]

1. e4 c5 2. Nf3 e6 3. d4 cxd4 4. Nxd4 Nc6 5. Nc3 Nf6 6. Ndb5 d6 7. Bf4 e5 8.
Bg5 a6 9. Bxf6 gxf6 10. Na3 b5 11. Nd5 f5 12. c3 fxe4 13. Bxb5 axb5 14. Nxb5
Be6 15. Nbc7+ Kd7 16. Nxa8 Bxd5 17. Qxd5 Qxa8 18. Qxf7+ Ne7 19. O-O Rg8 20.
Qxh7 Rg7 21. Qh3+ Kc7 22. f4 Ng6 23. fxe5 dxe5 24. Qe6 Bc5+ 25. Kh1 Qg8 26.
Qxg8 Rxg8 27. g3 e3 28. b4 Bd6 29. Rfe1 Rf8 30. Rxe3 Rf2 31. a4 Ne7 32. a5 Nf5
33. Ree1 Rc2 34. a6 Kb8 35. a7+ 1-0

[Event "Arab Games 2011"]
[Site "0:01.42-0:00.16"]
[Date "2011.12.11"]
[Round "5"]
[White "Tissir, Mohamed"]
[Black "Elarbi Abobker"]
[Result "1-0"]
[WhiteElo "2413"]
[BlackElo "2273"]
[PlyCount "107"]
[EventDate "2011.??.??"]

1. e4 e5 2. Nf3 Nf6 3. Nc3 Nc6 4. Bb5 Nd4 5. Bd3 Nxf3+ 6. Qxf3 g6 7. O-O Bg7 8.
Be2 O-O 9. d3 c6 10. Qg3 d5 11. Kh1 b5 12. a3 Re8 13. f4 dxe4 14. dxe4 exf4 15.
Bxf4 Nxe4 16. Nxe4 Rxe4 17. Bf3 Re6 18. Rad1 Qe8 19. Bg5 Be5 20. Qf2 f6 21. Bh6
Bb7 22. c4 Qf7 23. Qc5 Qe7 24. Qf2 a5 25. h3 c5 26. cxb5 Bxf3 27. Qxf3 Rb8 28.
a4 Bxb2 29. Bd2 Be5 30. Bxa5 Qa7 31. Qb3 Rbe8 32. Rd8 Qf7 33. Rdd1 R6e7 34. Qf3
Ra7 35. Bb6 Rxa4 36. Bxc5 Rf4 37. Qc6 Rxf1+ 38. Rxf1 Re6 39. Qf3 Re8 40. b6 Qc4
41. Bg1 Qb5 42. Rd1 Re7 43. Rd8+ Re8 44. Rd5 Qc4 45. Rd7 Qb5 46. Qb7 f5 47.
Rxh7 Qc4 48. Rd7 Qe6 49. Rd1 f4 50. Qf3 Kf7 51. Re1 Qd7 52. Qb3+ Kg7 53. Rxe5
Rxe5 54. Qb2 1-0

[Event "Arab Games 2011"]
[Site "0:00.17-0:04.44"]
[Date "2011.12.11"]
[Round "5"]
[White "Omar Noaman"]
[Black "Ayyad Husain"]
[Result "0-1"]
[WhiteElo "2324"]
[BlackElo "2209"]
[PlyCount "73"]
[EventDate "2011.??.??"]

1. d4 Nf6 2. c4 e6 3. Nf3 d5 4. Nc3 Be7 5. cxd5 Nxd5 6. e4 Nxc3 7. bxc3 O-O 8.
Bd3 b6 9. O-O Nd7 10. c4 c5 11. d5 Bf6 12. Rb1 Qc7 13. Be3 Re8 14. Re1 e5 15.
Bc2 Nf8 16. Ba4 Rd8 17. Bc6 Rb8 18. a4 Bg4 19. h3 Bh5 20. a5 Ne6 21. axb6 axb6
22. g4 Bg6 23. Nd2 Ng5 24. Bxg5 Bxg5 25. Nf1 Qe7 26. Ng3 Bf4 27. Kg2 Qg5 28.
Qf3 Rd6 29. Rh1 Bxg3 30. Kxg3 Rf6 31. Qe3 Rf4 32. Rhe1 Bxe4 33. Kh2 Qh4 34. Kg1
h5 35. Qg3 Qf6 36. Ra1 hxg4 37. hxg4 0-1

[Event "Arab Games 2011"]
[Site "0:05.44-0:04.53"]
[Date "2011.12.11"]
[Round "5"]
[White "Mansour Sameer"]
[Black "Ayyad Maher"]
[Result "1-0"]
[WhiteElo "2284"]
[BlackElo "2157"]
[PlyCount "71"]
[EventDate "2011.??.??"]

1. d4 d5 2. Nf3 Nf6 3. Bg5 e6 4. e3 Nbd7 5. Bd3 c5 6. c3 Qb6 7. Qc1 Bd6 8. Nbd2
e5 9. dxe5 Nxe5 10. Nxe5 Bxe5 11. Nf3 Bc7 12. Bxf6 Qxf6 13. Bb5+ Kf8 14. O-O g6
15. Rd1 Bg4 16. Be2 Rd8 17. c4 dxc4 18. Qxc4 Bxf3 19. Bxf3 b6 20. Rxd8+ Bxd8
21. Rd1 Kg7 22. Rd7 Rf8 23. Qc3 a6 24. Bd5 b5 25. Bxf7 Be7 26. Rxe7 Rxf7 27.
Qxf6+ Kxf6 28. Rxf7+ Kxf7 29. f4 Ke6 30. e4 Kd6 31. Kf2 c4 32. Ke3 Kc5 33. g4
a5 34. f5 gxf5 35. exf5 Kd5 36. g5 1-0

[Event "Arab Games 2011"]
[Site "0:04.38-0:00.07"]
[Date "2011.12.11"]
[Round "5"]
[White "Omar, Abdulrahman"]
[Black "Nadir Samir"]
[Result "1-0"]
[WhiteElo "2045"]
[BlackElo "2125"]
[PlyCount "170"]
[EventDate "2011.??.??"]

1. Nf3 d5 2. d4 Nf6 3. c4 c6 4. Nc3 Bf5 5. e3 e6 6. Bd3 Bxd3 7. Qxd3 Be7 8. O-O
O-O 9. b3 Nbd7 10. Bb2 Qc7 11. Rac1 Rad8 12. cxd5 exd5 13. Rc2 Rfe8 14. a3 Qb8
15. Qf5 Bd6 16. h3 Nf8 17. Ne2 Ng6 18. h4 Qc8 19. Qxc8 Rxc8 20. Rfc1 Rc7 21. g3
Rce7 22. b4 a6 23. Nc3 h6 24. Na4 Ne4 25. Kg2 Bb8 26. Nc5 Nd6 27. Nd2 Nf8 28.
Ba1 f5 29. a4 Ne6 30. a5 g5 31. hxg5 hxg5 32. Nf3 g4 33. Ne5 Rh7 34. Rh1 Rxh1
35. Kxh1 Nxc5 36. dxc5 Ne4 37. Nd7 Kf7 38. Kg2 Bc7 39. Rc1 Ke6 40. Nb6 Be5 41.
Bxe5 Kxe5 42. Rh1 Re7 43. Rh5 Rc7 44. Rh8 Nf6 45. Rf8 Rh7 46. Nc8 Ne4 47. Re8+
Kf6 48. Nb6 Ng5 49. Nc8 Nf3 50. Nd6 Rh2+ 51. Kf1 Rh1+ 52. Ke2 Rb1 53. Rb8 Rb2+
54. Kd3 Rxb4 55. Rxb7 Ra4 56. Rf7+ Ke6 57. Rxf5 Rxa5 58. Rf4 Rxc5 59. Nb7 Rb5
60. Nd8+ Kd7 61. Nf7 a5 62. Rxg4 Ke7 63. Rf4 Ng1 64. g4 Rb4 65. Ne5 Rxf4 66.
exf4 c5 67. Nc6+ Kd6 68. Nxa5 Nh3 69. Ke3 d4+ 70. Kf3 Kd5 71. g5 Ke6 72. Nc4
Kf5 73. Nd6+ Kg6 74. Kg3 d3 75. Nc4 Ng1 76. Kg4 Ne2 77. f5+ Kg7 78. Kf3 Nd4+
79. Ke4 Kf7 80. f4 Ne2 81. Ne5+ Ke7 82. Nxd3 c4 83. f6+ Kf8 84. Ne5 c3 85. g6
Ng3+ 1-0

[Event "Arab Games 2011"]
[Site "0:05.26-0:02.18"]
[Date "2011.12.11"]
[Round "5"]
[White "Sabar Daoud"]
[Black "Takrory Hosam"]
[Result "1-0"]
[WhiteElo "2034"]
[BlackElo "2034"]
[PlyCount "145"]
[EventDate "2011.??.??"]

1. e4 e5 2. Nf3 Nc6 3. Bb5 f5 4. O-O fxe4 5. Bxc6 dxc6 6. Nxe5 Nf6 7. d4 Bd6 8.
Qe2 Qe7 9. Bf4 O-O 10. Nc3 Bf5 11. Rae1 Kh8 12. f3 e3 13. Qxe3 Rae8 14. Qd2 Qd8
15. Re2 c5 16. Rfe1 Bxe5 17. Bxe5 cxd4 18. Qxd4 Qxd4+ 19. Bxd4 Rxe2 20. Rxe2
Re8 21. Bxf6 Rxe2 22. Bxg7+ Kxg7 23. Nxe2 Bxc2 24. Nd4 Bb1 25. a3 Kf6 26. Kf2
c5 27. Nb5 a6 28. Nd6 b6 29. Nc8 b5 30. Nb6 Ke6 31. a4 Kd6 32. Ke3 Kc6 33. a5
b4 34. g4 Kb5 35. Nd7 Kc6 36. Ne5+ Kd5 37. f4 c4 38. Nf3 b3 39. f5 Bc2 40. Kd2
h6 41. g5 hxg5 42. Nxg5 Bxf5 43. Kc3 Bd3 44. h4 Ke5 45. Nf7+ Ke6 46. Nd8+ Kd7
47. Nf7 Ke6 48. Ng5+ Kf5 49. Nf3 Kf4 50. Nd4 Kg4 51. Nc6 Kxh4 52. Nb4 Bf1 53.
Nxa6 Kg5 54. Nc7 Kf6 55. a6 Ke5 56. a7 Bg2 57. a8=Q Bxa8 58. Nxa8 Kd6 59. Kxc4
Kc6 60. Kxb3 Kb7 61. Kc4 Kxa8 62. Kb5 Kb7 63. b4 Ka8 64. Kc6 Kb8 65. Kb6 Ka8
66. Kc6 Kb8 67. b5 Ka7 68. Kc7 Ka8 69. Kb6 Kb8 70. Ka6 Ka8 71. b6 Kb8 72. b7
Kc7 73. Ka7 1-0

[Event "Arab Games 2011"]
[Site "0:00.23-0:00.07"]
[Date "2011.12.12"]
[Round "6"]
[White "Al-Modiahki, Mohamad"]
[Black "Salem A R Saleh"]
[Result "1/2-1/2"]
[WhiteElo "2558"]
[BlackElo "2511"]
[PlyCount "77"]
[EventDate "2011.??.??"]

1. e4 e5 2. Nf3 Nc6 3. Bc4 Bc5 4. c3 Nf6 5. d3 O-O 6. O-O d5 7. exd5 Nxd5 8.
Re1 Bg4 9. h3 Bh5 10. Nbd2 Nb6 11. Bb5 Bd6 12. Bxc6 bxc6 13. Ne4 Re8 14. Ng3
Bg6 15. Bg5 f6 16. Be3 Bf8 17. d4 Nc4 18. dxe5 Qxd1 19. Rexd1 Nxb2 20. Rd7 Re7
21. Rxe7 Bxe7 22. exf6 Bxf6 23. Bd4 c5 24. Bxc5 Na4 25. Bd4 Nxc3 26. Bxf6 gxf6
27. Rc1 Nxa2 28. Rxc7 a5 29. Nh4 Nb4 30. Nxg6 hxg6 31. Ne4 Ra6 32. Rc4 Kf7 33.
Rc7+ Ke8 34. Rb7 Nd3 35. Rb3 Nb4 36. Nc5 Ra7 37. Ra3 Ke7 38. Kf1 f5 39. Ke2
1/2-1/2

[Event "Arab Games 2011"]
[Site "0:14.49-0:00.23"]
[Date "2011.12.12"]
[Round "6"]
[White "Al-Ali Hussein, Ali Hussei"]
[Black "Amin Bassem"]
[Result "1/2-1/2"]
[WhiteElo "2392"]
[BlackElo "2590"]
[PlyCount "76"]
[EventDate "2011.??.??"]

1. e4 e5 2. Nf3 Nc6 3. Bc4 Nf6 4. d3 h6 5. O-O d6 6. c3 g6 7. Re1 Bg7 8. Bb3
O-O 9. h3 Kh8 10. d4 Qe8 11. Nbd2 Nh5 12. Nf1 f5 13. dxe5 dxe5 14. Be3 f4 15.
Bc5 Ne7 16. N1h2 b6 17. Ba4 Qf7 18. Bb3 Qe8 19. Ba4 Qf7 20. Bb3 Be6 21. Bxe7
Qxe7 22. Ng4 Bxg4 23. hxg4 Nf6 24. g5 Nh7 25. gxh6 Bxh6 26. Qd5 Bg7 27. Qe6
Qxe6 28. Bxe6 Bf6 29. Rad1 Rad8 30. Bd7 Rf7 31. Bc6 Rd6 32. Be8 Rg7 33. Rd5 Re6
34. Ba4 g5 35. Bd7 Rd6 36. Bg4 Re7 37. Red1 Rxd5 38. Rxd5 Kg7 1/2-1/2

[Event "Arab Games 2011"]
[Site "0:01.48-0:01.44"]
[Date "2011.12.12"]
[Round "6"]
[White "Adly Ahmed"]
[Black "Njili Kamel"]
[Result "1-0"]
[WhiteElo "2601"]
[BlackElo "2344"]
[PlyCount "83"]
[EventDate "2011.??.??"]

1. d4 Nf6 2. Nf3 b5 3. e3 a6 4. b3 d5 5. Bd3 e6 6. O-O c5 7. c4 cxd4 8. cxd5
dxe3 9. dxe6 exf2+ 10. Kh1 Bxe6 11. Qe2 Be7 12. Bb2 Nbd7 13. Nd4 Nc5 14. Bf5
O-O 15. Nd2 Bd5 16. Rad1 Re8 17. Qxf2 Qc7 18. Qh4 g6 19. Qh3 Bf8 20. N2f3 Bg7
21. Bb1 Nfe4 22. Nxb5 axb5 23. Bxg7 Kxg7 24. Rxd5 Rad8 25. Rxd8 Qxd8 26. Bxe4
Nxe4 27. Ng1 Qd4 28. Qf3 f5 29. Qf4 Re7 30. Ne2 Qd2 31. Ng3 Nxg3+ 32. Qxg3 f4
33. Qh4 Re2 34. h3 Qd5 35. Qg4 Rxa2 36. Rxf4 Ra1+ 37. Kh2 Qd6 38. Qg3 Qc5 39.
Rf2 Rd1 40. Qf3 Qd6+ 41. g3 Rd2 42. Qc3+ 1-0

[Event "Arab Games 2011"]
[Site "0:25.10-0:25.10"]
[Date "2011.12.12"]
[Round "6"]
[White "Ahmed Abuzied"]
[Black "Karim Ismael"]
[Result "0-1"]
[WhiteElo "2059"]
[BlackElo "2405"]
[PlyCount "84"]
[EventDate "2011.??.??"]

1. e4 g6 2. d4 d6 3. f4 Bg7 4. Nc3 a6 5. Nf3 Nd7 6. a4 b6 7. Bc4 e6 8. f5 exf5
9. exf5 Ndf6 10. fxg6 hxg6 11. O-O Ne7 12. Ng5 d5 13. Bd3 c5 14. Bf4 cxd4 15.
Ne2 O-O 16. Nxd4 Ne4 17. c3 Nf5 18. Nxf5 Bxf5 19. Bxe4 dxe4 20. Qxd8 Raxd8 21.
Rae1 Rfe8 22. g4 Bxg4 23. Nxe4 Bh3 24. Rf3 Bf5 25. Rfe3 Re6 26. Ng5 Rxe3 27.
Bxe3 b5 28. a5 f6 29. Nf3 Kf7 30. Nd4 Bd7 31. Nb3 Bc8 32. Bd4 Bf8 33. Bb6 Rd5
34. Nd4 Rg5+ 35. Kf2 Rh5 36. Bc7 Bb7 37. b4 Rd5 38. Bg3 Bc8 39. Nf3 g5 40. h4
gxh4 41. Bxh4 Bb7 42. Re3 Bh6 0-1

[Event "Arab Games 2011"]
[Site "0:25.10-0:25.10"]
[Date "2011.12.12"]
[Round "6"]
[White "Kaabi Mejdi"]
[Black "Al-Zendani, Zendan"]
[Result "1/2-1/2"]
[WhiteElo "2342"]
[BlackElo "2384"]
[PlyCount "115"]
[EventDate "2011.??.??"]

1. d4 Nf6 2. c4 e6 3. Nf3 d5 4. Nc3 dxc4 5. e3 c5 6. Bxc4 a6 7. a4 Nc6 8. O-O
Be7 9. Qe2 cxd4 10. Rd1 O-O 11. exd4 Nd5 12. Ne4 b6 13. Bd2 Bb7 14. Rac1 Re8
15. h3 h6 16. Bd3 Bf8 17. Bb1 Rc8 18. Qd3 f5 19. Ng3 Qd6 20. Qe2 Ncb4 21. Ne5
Nf6 22. Rxc8 Bxc8 23. Nh5 Nbd5 24. Rc1 Bb7 25. Qf3 Rc8 26. Nxf6+ gxf6 27. Qg3+
Bg7 28. Rxc8+ Bxc8 29. Bxh6 Qc7 30. Qxg7+ Qxg7 31. Bxg7 Kxg7 32. Nd3 Bd7 33.
Bc2 Ne7 34. Nf4 e5 35. dxe5 fxe5 36. Nd3 Kf6 37. f3 Nc6 38. Kf2 Nd4 39. Bd1 f4
40. Ke1 a5 41. Kd2 Nf5 42. Nf2 Nh4 43. Ne4+ Ke7 44. g4 fxg3 45. Nxg3 Bxh3 46.
Ne4 Bd7 47. Nc3 Bc6 48. Ke3 Kd6 49. Ne4+ Bxe4 50. Kxe4 Ng6 51. Be2 Nf4 52. Bc4
Nh5 53. b3 Nf6+ 54. Kf5 Nd7 55. Ke4 Nc5+ 56. Kf5 Nd7 57. Bb5 Nc5 58. Bc4
1/2-1/2

[Event "Arab Games 2011"]
[Site "0:25.10-0:25.10"]
[Date "2011.12.12"]
[Round "6"]
[White "Ayyad Husain"]
[Black "Tissir Mohamed"]
[Result "1-0"]
[WhiteElo "2209"]
[BlackElo "2413"]
[PlyCount "77"]
[EventDate "2011.??.??"]

1. e4 c5 2. Nf3 Nc6 3. d4 cxd4 4. Nxd4 Qb6 5. Nb3 Nf6 6. Nc3 e6 7. Be3 Qc7 8.
f4 d6 9. Be2 a6 10. O-O Be7 11. Kh1 b5 12. a3 Bb7 13. Bf3 O-O 14. Qe1 Rac8 15.
Qg3 Nd7 16. Rad1 Kh8 17. Rf2 Nb6 18. Be2 Bf6 19. Nd4 Nxd4 20. Bxd4 Bxd4 21.
Rxd4 d5 22. exd5 Nxd5 23. Nxd5 Bxd5 24. Bd3 f5 25. c3 Qb7 26. h3 Rf6 27. Bf1
Rg8 28. Qe3 Qf7 29. Be2 Qa7 30. Bf3 Bc4 31. Rfd2 Qc5 32. b4 Qa7 33. Qe5 Rf7 34.
Bh5 Re7 35. Rd8 h6 36. Bg6 Rf7 37. Rxg8+ Kxg8 38. Rd8+ Rf8 39. Rxf8+ 1-0